Word Ladder: Digging It Quiz Stats

 Plays Quiz Updated Oct 3, 2019

Score 0/36 Timer 03:00
1 Play Today
Hint Answer % Correct
Frog's cousinTOAD
97%
CargoLOAD
94.8%
Brain's siteHEAD
94%
Donald or DaffyDUCK
92.7%
Didn't keep quietTOLD
91.4%
Of sound mindSANE
91.1%
⚒ Heavy metal dug out ⚒⚒ LEAD ⚒
90.9%
⚒ Forty-niner's quest ⚒⚒ GOLD ⚒
90.5%
Trig functionSINE
90.4%
End of twilightDUSK
88.9%
⚒ Excavation site ⚒⚒ MINE ⚒
87.8%
Fill the suitcasePACK
87.7%
Lacking in lightDARK
87.5%
Half-off eventSALE
87.4%
⚒ Miners' lungs enemy ⚒⚒ DUST ⚒
86.3%
Harbor pierDOCK
85%
Obligatory verbMUST
83.9%
Morning hazeMIST
83.6%
Hint Answer % Correct
Driving final actionPARK
83.5%
Sedans and coupesCARS
83.2%
Pub projectileDART
82.6%
Money making locationMINT
82%
⚒ Tool for digging ⚒⚒ PICK ⚒
81.6%
⚒ Ore wagon ⚒⚒ CART ⚒
79.9%
Where only NASA rovers digMARS
78%
Stop orderHALT
76.7%
Moving stockHERD
76.2%
⚒ Mining level of difficulty ⚒⚒ HARD ⚒
74.2%
⚒ Digging product we eat ⚒⚒ SALT ⚒
73.1%
Morty's scientist friendRICK
70.3%
⚒ Material to dig through ⚒⚒ ROCK ⚒
70.2%
Antlered deerHART
67.8%
But, in FrenchMAIS
54.7%
Principal, keyMAIN
52.4%
NarcissisticVAIN
46.2%
⚒ Dream discovery ⚒⚒ VEIN ⚒
36.8%

Today's Daily Dose

You're not logged in!

Compare scores with friends on all Sporcle quizzes.
OR
Log In

Sporcle TV

Today on Sporcle TV


Watch our educational content, quiz creation guides, and fun videos on Sporcle TV.

Show Comments

Extras

Top Quizzes Today


Score Distribution

Your Account Isn't Verified!

In order to create a playlist on Sporcle, you need to verify the email address you used during registration. Go to your Sporcle Settings to finish the process.

Report this User

Report this user for behavior that violates our Community Guidelines.

Details: